Esquina doblada

محفوظ في:
التفاصيل البيبلوغرافية
المؤلف الرئيسي: Chicote, María Luisa
التنسيق: كتاب
اللغة:Undetermined
منشور في: Madrid, España Editora Nacional 1970
الموضوعات:
الوسوم: إضافة وسم
لا توجد وسوم, كن أول من يضع وسما على هذه التسجيلة!

MARC

LEADER 00000nam a2200000Ia 4500
008 170316s9999 xx 000 0 und d
040 |a cru BVZT 
090 |a 862 CH-4e 
100 |a Chicote, María Luisa 
245 |a Esquina doblada 
260 |a Madrid, España 
260 |b Editora Nacional 
260 |c 1970 
300 |a 82 páginas 
650 |a LITERATURA ESPAÑOLA 
999 |c 9790  |d 9790 
942 |c 15 D  |h 862 CH-4e  |2 z